000 01253nam a2200373 a 4500
001 000016368
003 DO-SdBPM
005 20251010085319.0
007 ta
008 100304s2005 cl a 001 0 spa d
020 _a9589400566
040 _aDO-SdBPM
_bspa
_cBPMSU
_drda
082 4 _a616.5
_bB674d, 2005
_222
100 1 _aFalabella Falabella, Rafael.
_eautor
245 1 0 _aDermatología /
_cRafael Falabella F. ; Jairo víctoria Chaparro, María Isabel Barona Cabral, Luciano Domínguez Soto
250 _a6a ed.
264 _aColombia
_bCorporación para Investigaciones Biológicas,
_c2005
300 _a634 páginas :
_bilustración ;
_c23 cm.
336 _atexto
_btxt
_2rdacontent
337 _asin mediación
_bn
_2rdamedia
338 _avolumen
_bnc
_2rdacarrier
490 0 _aFundamentos de medicina
500 _aIncluye índices
590 _aInventariado, 2025/VM
650 7 _aDermatología
650 7 _aEnfermedades de la piel
_xDiagnóstico
650 7 _a Enfermedades de la piel
_xTratamiento
650 z _aDermatology
700 1 _aVíctoria Chaparro, Jairo
700 1 _aBarona Cabral, María Isabel
700 1 _aDomínguez Soto, Luciano
910 _aVMateo V. Control de calidad BPMSU
942 _2ddc
_cBK
999 _c15428
_d15428